000 01315nam2a22002411 4500
001 v19\rc\1250242
005 20250617234903.0
035 _a(NLR Aleph) 004406595
090 _a3948362
_c3948362
100 _a20060306d1898 |||y0rusy50 ca
101 0 _arus
102 _aRU
105 _aae z |||||
200 1 _a1897 года
_fСост. агр. Ф.Л. Любанский
210 _d1898
_aБ. м.
215 _aX, 150 с., 7 л. табл., план.
_cил.
461 0 _1001v19\rc\1250232
_12001#$aДеребчинское опытное поле барона Ар. Ар. Маса$e[Отчет]$fСост. студентом Ун-та св. Владимира В. Ротмистровым. Вып. 1-10$vВып. 10$90
_93948233
_aДеребчинское опытное поле (Ямпольск. уезд., Подольской губ.)
_cКиев
_d1889-1898
_fСост. студентом Ун-та св. Владимира В. Ротмистровым. Вып. 1-10
_nА.А. Мас
_o[Отчет]
_p10 т.
_tДеребчинское опытное поле барона Ар. Ар. Маса
_vВып. 10$90
702 1 _aЛюбанский
_bФ.Л.
_gФеликс Людвигович
_4220
801 0 _aRU
_bNLR
_gpsbo
801 1 _aRU
_bProSoft-M
_2rusmarc
852 _aNLR
_j19.101.5.1
942 _cBOOK
980 _aNB